| 000 | 00501nam a2200169 i 4500 | ||
|---|---|---|---|
| 001 | 81037 | ||
| 003 | ES-MaACL | ||
| 005 | 20230906174344.0 | ||
| 007 | t| | ||
| 008 | 041102s1967 sp ||||1| spa d | ||
| 100 | 1 |
_aHofinger, Johannes. _963958 |
|
| 245 | 1 | 0 |
_aCatequesis pastoral / _cJohannes Hofinger ; [traducción de J. Vallverdú Aixalá]. |
| 260 |
_aBarcelona : _bHerder, _c1967. |
||
| 300 |
_a296 p. ; _c20 cm. |
||
| 700 | 1 |
_aVallverdú, Josep. _9112965 |
|
| 852 |
_aES-MaACL _jC-34006 _bR.65131 |
||
| 999 |
_c81037 _d81037 |
||